اصول علم النفس وتطبيقاته

Bibliographic Details
Main Author: عاقل، فاخر (Author)
Format: Book
Published: Bayrut : Dar al-`Ilm lil-Malayin , 1973
Subjects:

MARC

LEADER 00000cam a2200000 7i4500
001 0000005638
005 20161228093000.0
008 021119s1973
090 0 0 |a BF128.A7   |b A6 
100 0 |a عاقل، فاخر ,   |e author 
241 0 0 |a Usul `ilm al-nafs wa tatbiqatih 
245 1 0 |a اصول علم النفس وتطبيقاته   |c فاخر عاقل 
260 2 |a Bayrut :   |b Dar al-`Ilm lil-Malayin ,   |c 1973 
300 |a 336 p. ;   |c 24 cm. 
650 0 |a Psychology 
999 |a 1000013242   |b Book   |c OPEN SHELF (30 DAYS)   |e Gong Badak Campus 
999 |a 1000013243   |b Book   |c OPEN SHELF (30 DAYS)   |e Gong Badak Campus